[Event "Blackmar-Diemer Gambit Thematic #2"]
[Site "SchemingMind.com"]
[Date "2018.05.17"]
[Round "-"]
[White "Johnny Owens"]
[Black "Krolewna"]
[Result "1-0"]
[WhiteCountry "USA"]
[BlackCountry "POL"]
[WhiteElo "2252"]
[WhiteRD "63"]
[BlackElo "1890"]
[BlackRD "63"]
[GameID "428281"]

1. d4 d5 2. Nc3 Nf6 3. e4 dxe4 4. f3 Bf5 5. fxe4 Nxe4 6. Qf3 Nxc3 7. bxc3 Qc8 8. Nh3 Bxh3 9. gxh3 Nc6 10. Rb1 Qe6+
11. Be3 O-O-O 12. Bd3 Qf6 13. Qe4 Qg6 14. Qf3
1-0

[Event "Blackmar-Diemer Gambit Thematic #2"]
[Site "SchemingMind.com"]
[Date "2018.05.17"]
[Round "-"]
[White "Krolewna"]
[Black "Johnny Owens"]
[Result "0-1"]
[WhiteCountry "POL"]
[BlackCountry "USA"]
[WhiteElo "1890"]
[WhiteRD "63"]
[BlackElo "2252"]
[BlackRD "63"]
[GameID "428282"]

1. d4 d5 2. Nc3 Nf6 3. e4 dxe4 4. f3 exf3 5. Nxf3 Bg4 6. h3 Bxf3 7. Qxf3 c6 8. Be3 e6 9. Bd3 Be7 10. O-O O-O
11. Rae1 Nbd7 12. Ne4 Nd5 13. Bd2 Qb6 14. Qf2 c5 15. c4 Nb4
0-1

[Event "Blackmar-Diemer Gambit Thematic #2"]
[Site "SchemingMind.com"]
[Date "2018.05.21"]
[Round "-"]
[White "johanrientsop"]
[Black "Johnny Owens"]
[Result "0-1"]
[WhiteCountry "NED"]
[BlackCountry "USA"]
[WhiteElo "1842"]
[WhiteRD "82"]
[BlackElo "2197"]
[BlackRD "64"]
[GameID "428446"]

1. d4 d5 2. Nc3 Nf6 3. e4 dxe4 4. f3 exf3 5. Nxf3 g6 6. Bc4 Bg7 7. O-O Nc6 8. d5 Na5 9. Bb5+ c6 10. dxc6 Qb6+
11. Qd4 bxc6 12. Ba4 O-O 13. Qxb6 axb6 14. Rb1 b5 15. Bb3 Nxb3 16. axb3 b4 17. Ne2 Nd5 18. c3 Bf5
0-1

[Event "Blackmar-Diemer Gambit Thematic #2"]
[Site "SchemingMind.com"]
[Date "2018.05.21"]
[Round "-"]
[White "Johnny Owens"]
[Black "johanrientsop"]
[Result "1-0"]
[WhiteCountry "USA"]
[BlackCountry "NED"]
[WhiteElo "2197"]
[WhiteRD "64"]
[BlackElo "1842"]
[BlackRD "82"]
[GameID "428447"]

1. d4 d5 2. Nc3 Nf6 3. e4 dxe4 4. f3 exf3 5. Nxf3 e6 6. Bg5 Be7 7. Qd2 Nc6 8. h4 h6 9. Bxf6 Bxf6 10. O-O-O Bd7
11. g4 Qe7 12. Bg2 O-O-O 13. g5 hxg5 14. hxg5
1-0

[Event "Blackmar-Diemer Gambit Thematic #2"]
[Site "SchemingMind.com"]
[Date "2018.05.20"]
[Round "-"]
[White "johanrientsop"]
[Black "Krolewna"]
[Result "0-1"]
[WhiteCountry "NED"]
[BlackCountry "POL"]
[WhiteElo "1801"]
[WhiteRD "82"]
[BlackElo "2093"]
[BlackRD "68"]
[GameID "428448"]

1. d4 d5 2. Nc3 Nf6 3. e4 dxe4 4. f3 Bf5 5. Bf4 e6 6. fxe4 Nxe4 7. Qf3 Bb4 8. Bd3 Nxc3 9. Bd2 Nd5 10. Bxb4 Bxd3
11. Qxd3 Nxb4 12. Qb5+ N8c6 13. Qc4 Qxd4 14. Qxd4 Nxc2+
0-1

[Event "Blackmar-Diemer Gambit Thematic #2"]
[Site "SchemingMind.com"]
[Date "2018.05.20"]
[Round "-"]
[White "Krolewna"]
[Black "johanrientsop"]
[Result "0-1"]
[WhiteCountry "POL"]
[BlackCountry "NED"]
[WhiteElo "2019"]
[WhiteRD "68"]
[BlackElo "1842"]
[BlackRD "82"]
[GameID "428449"]

1. d4 d5 2. Nc3 Nf6 3. e4 dxe4 4. f3 exf3 5. Nxf3 Bg4 6. h3 Bxf3 7. Qxf3 c6 8. g4 h6 9. Be3 e6 10. Bd3 Bb4
11. O-O Nbd7 12. a3 Ba5 13. b4 Bb6 14. Ne4 Qe7 15. c4 Nxe4 16. Bxe4 Nf6 17. g5 hxg5 18. Bxc6+ Kf8 19. Bxb7 Rd8 20. c5 Bc7
0-1

[Event "Blackmar-Diemer Gambit Thematic #2"]
[Site "SchemingMind.com"]
[Date "2018.05.22"]
[Round "-"]
[White "Kenny Elliott"]
[Black "johanrientsop"]
[Result "0-1"]
[WhiteCountry "USA"]
[BlackCountry "NED"]
[WhiteElo "1503"]
[WhiteRD "69"]
[BlackElo "1801"]
[BlackRD "82"]
[GameID "428517"]

1. d4 d5 2. Nc3 Nf6 3. e4 dxe4 4. f3 exf3 5. Nxf3 e6 6. Bg5 Be7 7. Qd2 Nc6 8. Bb5 Bd7 9. O-O-O O-O 10. Bxc6 Bxc6
11. Ne5 Bxg2 12. Qxg2 Nh5 13. Bxe7 Qxe7 14. Ne4 Nf4 15. Qf3 Nd5 16. Rhg1 f5 17. Ng5 f4 18. Nxh7 Kxh7 19. Qh5+ Kg8 20. Ng6 Qf6
21. Nxf8 Rxf8 22. Rg6 Qe7 23. Rdg1 Rf5 24. Qg4 Rf7 25. h4 f3 26. Qg3 f2 27. Rf1 Nf4 28. Rxf2 Nxg6 29. Rg2 Nxh4 30. Rh2 Rf1+
31. Kd2 Nf3+ 32. Ke2 Nxh2
0-1

[Event "Blackmar-Diemer Gambit Thematic #2"]
[Site "SchemingMind.com"]
[Date "2018.05.23"]
[Round "-"]
[White "johanrientsop"]
[Black "Kenny Elliott"]
[Result "1-0"]
[WhiteCountry "NED"]
[BlackCountry "USA"]
[WhiteElo "1801"]
[WhiteRD "82"]
[BlackElo "1503"]
[BlackRD "69"]
[GameID "428518"]

1. d4 d5 2. Nc3 Nf6 3. e4 dxe4 4. f3 exf3 5. Qxf3 g6 6. Bg5 Bg7 7. O-O-O O-O 8. Bc4 c6 9. h3 Qa5 10. Bd2 Qb4
11. Bb3 Qxd4 12. Nge2 Qb6 13. Rhe1 Nd5 14. Nxd5 cxd5 15. Qxd5 Nc6 16. Nf4 Kh8 17. g4 e6 18. Qc4 Qc7 19. Bc3 Bxc3 20. Qxc3+ Kg8
21. h4 Qxf4+ 22. Kb1 Qxg4 23. Qf6 h5 24. Rg1 Qf5 25. Qc3 Qf4 26. Rg5 Qxh4 27. Rdg1 Ne7 28. Qf6 Qb4 29. Rxh5
1-0

[Event "Blackmar-Diemer Gambit Thematic #2"]
[Site "SchemingMind.com"]
[Date "2018.05.23"]
[Round "-"]
[White "Johnny Owens"]
[Black "Kenny Elliott"]
[Result "1-0"]
[WhiteCountry "USA"]
[BlackCountry "USA"]
[WhiteElo "2252"]
[WhiteRD "63"]
[BlackElo "1495"]
[BlackRD "73"]
[GameID "428520"]

1. d4 d5 2. Nc3 Nf6 3. e4 dxe4 4. f3 exf3 5. Nxf3 Bg4 6. h3 Bh5 7. g4 Bg6 8. Ne5 e6 9. Bg2 c6 10. Nxg6 hxg6
11. Rf1 Bb4 12. Qd3 Nd5 13. a3 Bxc3+ 14. bxc3 O-O 15. c4 Qh4+ 16. Rf2 Nf6 17. Bf4 Nbd7 18. Rb1 Nb6 19. c5 Nbd5 20. Bg3 Qg5
21. Qd2 Qxd2+ 22. Kxd2 b6 23. Bd6 Rfe8 24. c4 Ne7 25. a4 bxc5 26. Rb7 Nc8 27. Bxc5 Nb6 28. g5 Nh7 29. Rfxf7 Nxg5 30. Rxg7+ Kh8
31. Rxg6 Nh7 32. Rh6 Nxc4+ 33. Ke2 Rab8 34. Rhxh7+ Kg8 35. Rbg7#
1-0

[Event "Blackmar-Diemer Gambit Thematic #2"]
[Site "SchemingMind.com"]
[Date "2018.05.22"]
[Round "-"]
[White "Kenny Elliott"]
[Black "Krolewna"]
[Result "1-0"]
[WhiteCountry "USA"]
[BlackCountry "POL"]
[WhiteElo "1516"]
[WhiteRD "72"]
[BlackElo "2019"]
[BlackRD "68"]
[GameID "428521"]

1. d4 d5 2. Nc3 Nf6 3. e4 dxe4 4. f3 exf3 5. Nxf3 Bf5 6. Bd3 Bxd3 7. Qxd3 c6 8. Bg5 Nbd7 9. O-O-O e6 10. Ne5 Be7
11. Qg3 Nh5 12. Bxe7 Nxg3 13. Bxd8 Nxh1 14. Nxd7 Rxd8 15. Rxh1 Rxd7 16. Rd1 O-O 17. Ne2 Rfd8 18. c3 b6 19. b3
1-0

[Event "Blackmar-Diemer Gambit Thematic #2"]
[Site "SchemingMind.com"]
[Date "2018.05.23"]
[Round "-"]
[White "Krolewna"]
[Black "Kenny Elliott"]
[Result "1-0"]
[WhiteCountry "POL"]
[BlackCountry "USA"]
[WhiteElo "2093"]
[WhiteRD "68"]
[BlackElo "1503"]
[BlackRD "69"]
[GameID "428522"]

1. d4 d5 2. Nc3 Nf6 3. e4 dxe4 4. f3 exf3 5. Nxf3 Bg4 6. h3 Bxf3 7. Qxf3 Nc6 8. Bb5 Qd7 9. d5 Nxd5 10. Qxd5 O-O-O
11. Qxf7 a6 12. Ba4 b5 13. Bb3 Ne5 14. Qf4 Ng6 15. Qe4 e6 16. Qa8#
1-0

[Event "Blackmar-Diemer Gambit Thematic #2"]
[Site "SchemingMind.com"]
[Date "2018.05.31"]
[Round "-"]
[White "Kenny Elliott"]
[Black "Glenn O'Brien"]
[Result "0-1"]
[WhiteCountry "USA"]
[BlackCountry "AUS"]
[WhiteElo "1503"]
[WhiteRD "69"]
[BlackElo "1885"]
[BlackRD "72"]
[GameID "428825"]

1. d4 d5 2. Nc3 Nf6 3. e4 dxe4 4. f3 exf3 5. Nxf3 Bg4 6. Be2 Nc6 7. Bg5 Bxf3 8. Bxf3 Nxd4 9. Bxf6 Nxf3+ 10. Qxf3 gxf6
11. Rd1 Qb8 12. O-O c6 13. Rfe1 Bg7 14. Rd3 Qc7 15. Rde3 Qb6 16. Qg3 Bh6 17. Kh1 Bxe3 18. Qxe3 Qxe3 19. Rxe3 Rd8 20. Re2 e5
21. Ne4 Rd1+
0-1

[Event "Blackmar-Diemer Gambit Thematic #2"]
[Site "SchemingMind.com"]
[Date "2018.06.01"]
[Round "-"]
[White "Glenn O'Brien"]
[Black "Kenny Elliott"]
[Result "1-0"]
[WhiteCountry "AUS"]
[BlackCountry "USA"]
[WhiteElo "1885"]
[WhiteRD "72"]
[BlackElo "1503"]
[BlackRD "69"]
[GameID "428826"]

1. d4 d5 2. Nc3 Nf6 3. e4 dxe4 4. f3 exf3 5. Nxf3 Bg4 6. h3 Bh5 7. g4 Bg6 8. Ne5 Be4 9. Nxe4 Nxe4 10. Qf3 Ng5
11. Qxb7 Qxd4 12. Qc8+ Qd8 13. Bb5+
1-0

[Event "Blackmar-Diemer Gambit Thematic #2"]
[Site "SchemingMind.com"]
[Date "2018.06.01"]
[Round "-"]
[White "Glenn O'Brien"]
[Black "johanrientsop"]
[Result "1-0"]
[WhiteCountry "AUS"]
[BlackCountry "NED"]
[WhiteElo "1885"]
[WhiteRD "72"]
[BlackElo "1801"]
[BlackRD "82"]
[GameID "428827"]

1. d4 d5 2. Nc3 Nf6 3. e4 dxe4 4. f3 exf3 5. Nxf3 Bg4 6. h3 Bh5 7. g4 Bg6 8. Ne5 e6 9. Bg2 c6 10. h4 h5
11. Nxg6 fxg6 12. Qd3 Kf7 13. g5 Na6 14. gxf6 Nc5 15. dxc5
1-0

[Event "Blackmar-Diemer Gambit Thematic #2"]
[Site "SchemingMind.com"]
[Date "2018.05.31"]
[Round "-"]
[White "johanrientsop"]
[Black "Glenn O'Brien"]
[Result "1-0"]
[WhiteCountry "NED"]
[BlackCountry "AUS"]
[WhiteElo "1842"]
[WhiteRD "82"]
[BlackElo "1898"]
[BlackRD "73"]
[GameID "428828"]

1. d4 d5 2. Nc3 Nf6 3. e4 dxe4 4. f3 exf3 5. Nxf3 Bg4 6. h3 Bxf3 7. Qxf3 c6 8. Bg5 Nbd7 9. Bc4 e6 10. O-O-O Be7
11. Rhf1 O-O 12. Kb1 Nd5 13. Bc1 Nxc3+ 14. Qxc3 Bg5 15. g4 Nb6 16. Bb3 Bxc1 17. Rxc1 Nd5 18. Qd2 b5 19. c3 Qh4 20. Bc2 Qxh3
21. Rh1 Qg3 22. Bxh7+ Kh8 23. Rcg1 Qd6 24. Bc2+ Kg8 25. Rh7 f6 26. Rgh1 Nf4 27. Qh2 Kf7 28. Rxg7+ Ke8 29. Rf1 e5 30. Qh7 b4
31. c4 a5 32. c5 Qd5 33. Bf5 Rf7 34. Qh8+ Rf8 35. Bd7+ Qxd7 36. Qxf8+ Kxf8 37. Rxd7 Ra6 38. Rh1 Ke8 39. Rc7 Ng6 40. Rh6 Kd8
41. Rg7 Nf8 42. Rxf6 Nd7 43. Rd6 Ke8 44. Rgxd7
1-0

[Event "Blackmar-Diemer Gambit Thematic #2"]
[Site "SchemingMind.com"]
[Date "2018.06.01"]
[Round "-"]
[White "Glenn O'Brien"]
[Black "Johnny Owens"]
[Result "0-1"]
[WhiteCountry "AUS"]
[BlackCountry "USA"]
[WhiteElo "1908"]
[WhiteRD "73"]
[BlackElo "2252"]
[BlackRD "63"]
[GameID "428829"]

1. d4 d5 2. Nc3 Nf6 3. e4 dxe4 4. f3 exf3 5. Nxf3 Bg4 6. h3 Bxf3 7. Qxf3 c6 8. Be3 e6 9. Bd3 Nbd7 10. O-O Be7
11. Rf2 O-O 12. Raf1 e5 13. Qg3 e4 14. Bxe4 Nxe4 15. Nxe4 Bh4 16. Qg4 Bxf2+ 17. Rxf2 Qe7 18. Ng3 f5 19. Nxf5 Rxf5 20. Rxf5 Qxe3+
21. Kh2 Re8 22. Rg5 Re7 23. c3 h6 24. Ra5 a6 25. Ra4 Nf6 26. Qc8+ Re8 27. Qf5 Ne4 28. Qg4 Nd2 29. Qf5 Rf8 30. Qe5 Nf3+
31. gxf3 Qf2+ 32. Kh1 Qxf3+ 33. Kh2 Qf1 34. Qe6+ Kh8 35. Qe3 Rf2+ 36. Qxf2 Qxf2+ 37. Kh1 Qf1+ 38. Kh2 Qe2+ 39. Kg3 Qd3+
0-1

[Event "Blackmar-Diemer Gambit Thematic #2"]
[Site "SchemingMind.com"]
[Date "2018.05.31"]
[Round "-"]
[White "Johnny Owens"]
[Black "Glenn O'Brien"]
[Result "1-0"]
[WhiteCountry "USA"]
[BlackCountry "AUS"]
[WhiteElo "2197"]
[WhiteRD "64"]
[BlackElo "1898"]
[BlackRD "73"]
[GameID "428830"]

1. d4 d5 2. Nc3 Nf6 3. e4 dxe4 4. f3 exf3 5. Nxf3 Bg4 6. h3 Bh5 7. g4 Bg6 8. Ne5 e6 9. Bg2 c6 10. h4 Bb4
11. O-O Bxc2 12. Qd2 O-O 13. Rf4 Ba4 14. Qe3 Bxc3 15. bxc3 Nbd7 16. Ba3 Re8 17. Qf2 Qc7 18. Rf1 Bb5 19. c4 Ba6 20. g5 Nxe5
21. dxe5 Nh5 22. Rxf7 Bxc4 23. Rf8+ Rxf8 24. Qxf8+ Rxf8 25. Rxf8#
1-0

[Event "Blackmar-Diemer Gambit Thematic #2"]
[Site "SchemingMind.com"]
[Date "2018.06.04"]
[Round "-"]
[White "Kenny Elliott"]
[Black "Uzi Mike"]
[Result "0-1"]
[WhiteCountry "USA"]
[BlackCountry "USA"]
[WhiteElo "1503"]
[WhiteRD "69"]
[BlackElo "2006"]
[BlackRD "98"]
[GameID "428976"]

1. d4 d5 2. Nc3 Nf6 3. e4 dxe4 4. f3 exf3 5. Nxf3 Bg4 6. Be2 e6 7. a3 Nc6 8. Bg5 Bxf3 9. Bxf3 Nxd4 10. O-O c6
11. Bxf6 gxf6 12. Kh1 f5 13. Bh5 Qh4 14. Bf3 Bd6 15. h3 Qg3 16. Kg1 O-O-O 17. Qxd4 Qh2+ 18. Kf2 Bg3+ 19. Ke3 Rxd4 20. Kxd4 b5
21. Ke3 Bh4 22. Bxc6 Qe5+ 23. Kd2 Bg5+
0-1

[Event "Blackmar-Diemer Gambit Thematic #2"]
[Site "SchemingMind.com"]
[Date "2018.06.04"]
[Round "-"]
[White "Uzi Mike"]
[Black "Kenny Elliott"]
[Result "1-0"]
[WhiteCountry "USA"]
[BlackCountry "USA"]
[WhiteElo "2006"]
[WhiteRD "98"]
[BlackElo "1503"]
[BlackRD "69"]
[GameID "428977"]

1. d4 d5 2. Nc3 Nf6 3. e4 dxe4 4. f3 exf3 5. Nxf3 Bg4 6. h3 Bh5 7. g4 Bg6 8. Ne5 Be4 9. Nxe4 Nxe4 10. Bg2 Ng3
11. Bxb7 Nxh1 12. Qf3 f6 13. Bc6+ Nxc6 14. Qxc6+
1-0

[Event "Blackmar-Diemer Gambit Thematic #2"]
[Site "SchemingMind.com"]
[Date "2018.06.04"]
[Round "-"]
[White "Glenn O'Brien"]
[Black "Uzi Mike"]
[Result "0-1"]
[WhiteCountry "AUS"]
[BlackCountry "USA"]
[WhiteElo "1908"]
[WhiteRD "73"]
[BlackElo "2097"]
[BlackRD "92"]
[GameID "428978"]

1. d4 d5 2. Nc3 Nf6 3. e4 dxe4 4. f3 exf3 5. Nxf3 Bg4 6. h3 Bd7 7. Bd3 e6 8. O-O c5 9. dxc5 Bxc5+ 10. Kh1 Bc6
11. Ng5 Nbd7 12. Bf4 O-O 13. Bg3 Bb4 14. Qe2 Bxc3 15. bxc3 Qa5 16. Qd2 h6 17. Nf3 Nc5 18. Qe1 Nfe4 19. Be5 f6 20. Bd4 e5
21. Bxc5 Nxc5 22. Bc4+ Kh7 23. Nh4 Rad8 24. Rb1 a6 25. Qf2 Be4 26. Rb4 f5 27. Qe3 Qc7 28. Nf3 Bxf3 29. Rxf3 b5 30. Bf1 e4
31. Rf4 Rd1 32. g4 g5 33. Rf2 f4 34. Qe2 Ra1 35. c4 f3 36. Qd2 e3 37. Qxe3 Qg3 38. Rb1 Rxb1 39. Qd2 Rd8 40. Rxf3 Qxf3+
41. Qg2 Rxf1+
0-1

[Event "Blackmar-Diemer Gambit Thematic #2"]
[Site "SchemingMind.com"]
[Date "2018.06.04"]
[Round "-"]
[White "Uzi Mike"]
[Black "Glenn O'Brien"]
[Result "1-0"]
[WhiteCountry "USA"]
[BlackCountry "AUS"]
[WhiteElo "2097"]
[WhiteRD "92"]
[BlackElo "1908"]
[BlackRD "73"]
[GameID "428979"]

1. d4 d5 2. Nc3 Nf6 3. e4 dxe4 4. f3 exf3 5. Nxf3 Bg4 6. h3 Bh5 7. g4 Bg6 8. Ne5 e6 9. Qf3 c6 10. g5 Nd5
11. Bd3 Nd7 12. Nxg6 hxg6 13. Nxd5 cxd5 14. O-O Qe7 15. Bd2 Rc8 16. Rae1 Rc6 17. b3 b5 18. c4 bxc4 19. bxc4 Rd6 20. c5 Rc6
21. Bb5 Rc7 22. Qf4 Rc8 23. Bb4 Rh5 24. Kh2 Kd8 25. Qxf7 Qxf7 26. Rxf7 Rb8 27. Rxd7+ Kc8 28. Rxe6 Rxb5 29. c6 Be7 30. Rexe7
1-0

[Event "Blackmar-Diemer Gambit Thematic #2"]
[Site "SchemingMind.com"]
[Date "2018.06.03"]
[Round "-"]
[White "Uzi Mike"]
[Black "johanrientsop"]
[Result "1-0"]
[WhiteCountry "USA"]
[BlackCountry "NED"]
[WhiteElo "2006"]
[WhiteRD "98"]
[BlackElo "1801"]
[BlackRD "82"]
[GameID "428980"]

1. d4 d5 2. Nc3 Nf6 3. e4 dxe4 4. f3 e5 5. dxe5 Qxd1+ 6. Kxd1 Nfd7 7. Nd5 Kd8 8. Bg5+ f6 9. exf6 Nxf6 10. Nxf6 h6
11. Nxe4+ hxg5 12. Nxg5 Ke8 13. f4 Bf5 14. Bd3 Bg4+ 15. Kd2 Bd6 16. Re1+ Kd7 17. g3 Nc6 18. h3 Bh5 19. Bf5+ Kd8 20. Ne6+ Kc8
21. Nxg7+ Kb8 22. Nxh5
1-0

[Event "Blackmar-Diemer Gambit Thematic #2"]
[Site "SchemingMind.com"]
[Date "2018.06.03"]
[Round "-"]
[White "johanrientsop"]
[Black "Uzi Mike"]
[Result "0-1"]
[WhiteCountry "NED"]
[BlackCountry "USA"]
[WhiteElo "1801"]
[WhiteRD "82"]
[BlackElo "2006"]
[BlackRD "98"]
[GameID "428981"]

1. d4 d5 2. Nc3 Nf6 3. e4 dxe4 4. f3 exf3 5. Nxf3 Bg4 6. Be2 e6 7. Bf4 Nc6 8. O-O Bxf3 9. Bxf3 Qxd4+ 10. Qxd4 Nxd4
11. Bxb7 Rb8 12. Ba6 Rxb2 13. Rad1 Rxc2 14. Be5 Rxc3 15. Bxd4 Bc5 16. Bb5+ Ke7 17. Bf2 Rd8 18. Rb1 Bxf2+ 19. Rxf2 Ne4 20. Re2 f5
21. a4 c6 22. Ba6 Nc5 23. Bb7 Rb8 24. Reb2 Ra3 25. Bxc6 Rxb2 26. Rxb2 Ra1+
0-1

[Event "Blackmar-Diemer Gambit Thematic #2"]
[Site "SchemingMind.com"]
[Date "2018.06.06"]
[Round "-"]
[White "Uzi Mike"]
[Black "Johnny Owens"]
[Result "0-1"]
[WhiteCountry "USA"]
[BlackCountry "USA"]
[WhiteElo "2152"]
[WhiteRD "77"]
[BlackElo "2299"]
[BlackRD "65"]
[GameID "428982"]

1. d4 d5 2. Nc3 Nf6 3. e4 dxe4 4. f3 exf3 5. Nxf3 Bg4 6. h3 Bxf3 7. Qxf3 c6 8. g4 e6 9. g5 Nd5 10. Ne4 Qb6
11. Qf2 Nd7 12. a3 O-O-O 13. c4 f5 14. cxd5 fxe4 15. dxc6 Ne5 16. cxb7+ Kxb7 17. Be2 Rxd4 18. O-O Nd3 19. Qg2 Rd5+ 20. Kh1 Bd6
21. Bxd3 exd3 22. Bd2 Kb8 23. Rae1 Bc7 24. Re4 Rb5 25. Rfe1 Re8 26. Bc3 a5 27. h4 Rf5 28. b4 Qc6 29. Bxg7 Rd8 30. Bf6 Rdd5
31. bxa5 d2 32. Rd1 Qc2
0-1

[Event "Blackmar-Diemer Gambit Thematic #2"]
[Site "SchemingMind.com"]
[Date "2018.06.05"]
[Round "-"]
[White "Johnny Owens"]
[Black "Uzi Mike"]
[Result "1-0"]
[WhiteCountry "USA"]
[BlackCountry "USA"]
[WhiteElo "2299"]
[WhiteRD "65"]
[BlackElo "2152"]
[BlackRD "77"]
[GameID "428983"]

1. d4 d5 2. Nc3 Nf6 3. e4 dxe4 4. f3 exf3 5. Nxf3 Bg4 6. h3 Bf5 7. g4 Bg6 8. Ne5 c6 9. h4 e6 10. h5 Be4
11. Nxe4 Nxe4 12. Qd3 Nf6 13. g5 Qd5 14. Rg1 Nfd7 15. Nxf7 Kxf7 16. Bg2 Qa5+ 17. Bd2 Bb4 18. c3 Bd6 19. O-O-O Ke7 20. Kb1 Na6
21. c4 Nb4 22. Bxb4 Qxb4 23. a3 Qa5 24. c5 Bh2 25. Rge1 Qc7 26. Bh3 Rae8 27. d5 Nxc5 28. Qc4 b6 29. Bxe6 Bd6 30. dxc6 Kd8
31. b4 Qxc6 32. bxc5 bxc5 33. Qc3
1-0

[Event "Blackmar-Diemer Gambit Thematic #2"]
[Site "SchemingMind.com"]
[Date "2018.06.08"]
[Round "-"]
[White "Uzi Mike"]
[Black "Krolewna"]
[Result "1-0"]
[WhiteCountry "USA"]
[BlackCountry "POL"]
[WhiteElo "2097"]
[WhiteRD "92"]
[BlackElo "1890"]
[BlackRD "63"]
[GameID "428984"]

1. d4 d5 2. Nc3 Nf6 3. e4 dxe4 4. f3 c6 5. Nxe4 Bf5 6. Nxf6+ exf6 7. Bd3 Bg6 8. c3 Bd6 9. Qe2+ Be7 10. Nh3 O-O
11. O-O
1-0

[Event "Blackmar-Diemer Gambit Thematic #2"]
[Site "SchemingMind.com"]
[Date "2018.06.08"]
[Round "-"]
[White "Krolewna"]
[Black "Uzi Mike"]
[Result "0-1"]
[WhiteCountry "POL"]
[BlackCountry "USA"]
[WhiteElo "1890"]
[WhiteRD "63"]
[BlackElo "2097"]
[BlackRD "92"]
[GameID "428985"]

1. d4 d5 2. Nc3 Nf6 3. e4 dxe4 4. f3 exf3 5. Nxf3 Bg4 6. h3 Bh5 7. Qe2 Nc6 8. g4 Bg6 9. Bg5 Qd6 10. O-O-O O-O-O
11. d5 Nb4
0-1

[Event "Blackmar-Diemer Gambit Thematic #2"]
[Site "SchemingMind.com"]
[Date "2018.06.06"]
[Round "-"]
[White "Kenny Elliott"]
[Black "Chessibelle"]
[Result "1-0"]
[WhiteCountry "USA"]
[BlackCountry "ENG"]
[WhiteElo "1503"]
[WhiteRD "69"]
[BlackElo "1193"]
[BlackRD "58"]
[GameID "429029"]

1. d4 d5 2. Nc3 Nf6 3. e4 dxe4 4. f3 g6 5. fxe4 Bg7 6. Nf3 Nc6 7. Bb5 Bd7 8. Bf4 O-O 9. Qd2 a6 10. Bxc6 Bxc6
11. O-O-O b5 12. d5 Bd7 13. e5 Ne8 14. Rhe1 f6 15. e6 Bc8 16. Nd4 h6 17. Nc6
1-0

[Event "Blackmar-Diemer Gambit Thematic #2"]
[Site "SchemingMind.com"]
[Date "2018.06.06"]
[Round "-"]
[White "Chessibelle"]
[Black "Kenny Elliott"]
[Result "0-1"]
[WhiteCountry "ENG"]
[BlackCountry "USA"]
[WhiteElo "1193"]
[WhiteRD "58"]
[BlackElo "1503"]
[BlackRD "69"]
[GameID "429030"]

1. d4 d5 2. Nc3 Nf6 3. e4 dxe4 4. f3 exf3 5. Nxf3 Bg4 6. Be2 e6 7. Bd2 Nc6 8. O-O Bxf3 9. Bxf3 Nxd4 10. Bxb7 Rb8
11. Ba6 Rxb2 12. Na4 Rxc2 13. Rf2 Qd7 14. Nc3 Bc5 15. Qb1 O-O 16. Bd3 Ne2+ 17. Nxe2 Bxf2+ 18. Kxf2 Rxd2 19. Bb5 Qd5 20. Ba4 Ng4+
21. Ke1 Ne3 22. Bb3 Nxg2+ 23. Kf2 Qd4+ 24. Kf1 Qf6+ 25. Kg1 Rxe2 26. Qf1 Qxf1+ 27. Kxf1 Nf4 28. h4 h5 29. a4 Re3 30. Bc2 Rd8
31. Rc1 Rd2 32. Bb3 Rh3 33. Ke1 Re2+ 34. Kf1 Rh1#
0-1

[Event "Blackmar-Diemer Gambit Thematic #2"]
[Site "SchemingMind.com"]
[Date "2018.06.06"]
[Round "-"]
[White "Glenn O'Brien"]
[Black "Chessibelle"]
[Result "1-0"]
[WhiteCountry "AUS"]
[BlackCountry "ENG"]
[WhiteElo "1885"]
[WhiteRD "72"]
[BlackElo "1193"]
[BlackRD "58"]
[GameID "429031"]

1. d4 d5 2. Nc3 Nf6 3. e4 dxe4 4. f3 Bf5 5. fxe4 Nxe4 6. Qf3 g6 7. Nxe4 Bg7 8. c3 Nc6 9. Nc5 O-O 10. Nxb7 Qd7
11. Nc5 Qc8 12. Qxc6 e5 13. Nf3 Qd8 14. dxe5 Qe7 15. Bc4 Kh8 16. O-O a5 17. Bg5 f6 18. exf6 Bxf6 19. Rae1 Qg7 20. Bxf6 Rxf6
21. Qxa8+ Qg8 22. Qxg8#
1-0

[Event "Blackmar-Diemer Gambit Thematic #2"]
[Site "SchemingMind.com"]
[Date "2018.06.06"]
[Round "-"]
[White "Chessibelle"]
[Black "Glenn O'Brien"]
[Result "0-1"]
[WhiteCountry "ENG"]
[BlackCountry "AUS"]
[WhiteElo "1193"]
[WhiteRD "58"]
[BlackElo "1885"]
[BlackRD "72"]
[GameID "429032"]

1. d4 d5 2. Nc3 Nf6 3. e4 dxe4 4. f3 exf3 5. gxf3 c6 6. Nge2 Na6 7. a3 Qa5 8. Bd2 Nc7 9. Bg2 Nb5 10. b4 Nxc3
11. Bxc3 Qg5 12. Bf1 Qh4+ 13. Kd2 Nd5 14. Bb2 Bf5 15. Kc1 Ne3 16. Qd2 Nxc2 17. Ra2 Be6 18. Qxc2 Qe1+ 19. Qd1 Qxd1+ 20. Kxd1 Bxa2
21. Nc1 Bd5 22. Bh3 Bxf3+ 23. Ke1 Bxh1 24. Kf1 Bd5 25. Nd3 Bc4
0-1

[Event "Blackmar-Diemer Gambit Thematic #2"]
[Site "SchemingMind.com"]
[Date "2018.06.06"]
[Round "-"]
[White "Uzi Mike"]
[Black "Chessibelle"]
[Result "1-0"]
[WhiteCountry "USA"]
[BlackCountry "ENG"]
[WhiteElo "2006"]
[WhiteRD "98"]
[BlackElo "1193"]
[BlackRD "58"]
[GameID "429033"]

1. d4 d5 2. Nc3 Nf6 3. e4 dxe4 4. f3 Bf5 5. fxe4 Be6 6. Be2 g6 7. Nf3 Bg7 8. Ng5 Bd7 9. e5 O-O 10. exf6 Bxf6
11. Be3 Nc6 12. Nge4 Bg7 13. O-O f6 14. Qd2 e5 15. dxe5 fxe5 16. Rxf8+ Bxf8 17. Bc4+ Kg7 18. Qd5 a5 19. Qg8#
1-0

[Event "Blackmar-Diemer Gambit Thematic #2"]
[Site "SchemingMind.com"]
[Date "2018.06.06"]
[Round "-"]
[White "Chessibelle"]
[Black "Uzi Mike"]
[Result "0-1"]
[WhiteCountry "ENG"]
[BlackCountry "USA"]
[WhiteElo "1193"]
[WhiteRD "58"]
[BlackElo "2006"]
[BlackRD "98"]
[GameID "429034"]

1. d4 d5 2. Nc3 Nf6 3. e4 dxe4 4. f3 exf3 5. Nxf3 Bg4 6. Be2 e6 7. Bd2 Nc6 8. O-O Nxd4 9. a3 Nxf3+ 10. Bxf3 Qd4+
11. Kh1 O-O-O 12. b4 Qxd2 13. Ne2 Bxf3 14. gxf3 Qe3 15. Qe1 Rd2 16. Ng3 Qxe1 17. Rfxe1 Rxc2 18. Rad1 Rc3 19. Rd4 Rxa3 20. Red1 Be7
21. h4 Rxf3 22. Ne4 Nd5 23. Ra1 Rf4 24. Nd2 Rxd4 25. b5 Rxd2 26. Rxa7 Nf4 27. Kg1 Bc5+
0-1

[Event "Blackmar-Diemer Gambit Thematic #2"]
[Site "SchemingMind.com"]
[Date "2018.06.06"]
[Round "-"]
[White "johanrientsop"]
[Black "Chessibelle"]
[Result "1-0"]
[WhiteCountry "NED"]
[BlackCountry "ENG"]
[WhiteElo "1801"]
[WhiteRD "82"]
[BlackElo "1193"]
[BlackRD "58"]
[GameID "429035"]

1. d4 d5 2. Nc3 Nf6 3. e4 dxe4 4. f3 Bf5 5. Bg5 Nbd7 6. fxe4 Bg4 7. Be2 Be6 8. Nf3 g6 9. O-O Bg7 10. h3 Nh5
11. d5 f6 12. dxe6 Nc5 13. Be3 O-O 14. Bxc5 b6 15. Bf2 Qc8 16. Nd5 Re8 17. Nh4 c6 18. Nc3 Qxe6 19. b3 c5 20. Bc4 Qf7
21. Bxf7+ Kxf7 22. Nf5 Bf8 23. Nb5 e6 24. Nfd6+ Bxd6 25. Nxd6+ Kg7 26. Nxe8+ Rxe8 27. Qd7+ Kh6 28. Be3+ g5 29. Qxe8 Ng7 30. Rxf6#
1-0